000 00505nam a2200193Ia 4500
008 151121s9999||||xx |||||||||||||| ||und||
082 _aबा।वि।
082 _bHNW-78209
100 _aप्रकाशक
245 _aदे पाल दे
260 _bदिल्ली।
260 _c--
300 _a126
600 _aप्रकाशक
630 _aदे पाल दे
700 _aप्रकाशक
730 _aदे पाल दे
942 _cBOOK
999 _c1259615
_d1259612